000 00632cam a22002293a 4500
001 13737
003 PGUSA
005 20140828083308.0
008 041013s2004||||xxu|||||s|||||000 | eng d
040 _aPGUSA
_beng
042 _adc
050 4 _aPQ
100 1 _aLe Roy, Albert,
_d1856-1905
245 1 0 _aGeorge Sand et ses amis
_h[electronic resource] /
_cAlbert Le Roy
260 _bProject Gutenberg,
_c2004
506 _aPublic domain in the USA.
516 _aElectronic text
653 _aSand, George, 1804-1876
830 0 _aProject Gutenberg
_v13737
856 4 0 _uhttp://www.gutenberg.org/ebooks/13737
942 _cEB
999 _c242992
_d242992